Rahsia kejayaan kerjaya : untuk lepasan SPM /

Bibliographic Details
Main Author: ABDUL Aziz bin Azimullah, Dr
Format: Book
Published: Kuala Lumpur: Entrepreneurs Development Institute, 1968.
Edition:1st ed..
Subjects:
LEADER 00597cam a2200205 7i4500
001 0000053275
005 20151104090000.0
005 ##20151104172000.0
002 ##000000207
003 ##MY-KlINT
008 151104 00010 eng
020 # # |a 9839913107  
039 # 9 |y 201511041720  |z VLOAD 
090 0 0 |a 658.314 ABD  
100 1 # |a ABDUL Aziz bin Azimullah, Dr. 
245 0 0 |a Rahsia kejayaan kerjaya :   |b untuk lepasan SPM /   |c Dr. Abdul Aziz bin Azimullah.. 
250 # # |a 1st ed.. 
260 # # |a Kuala Lumpur:   |b Entrepreneurs Development Institute,   |c 1968. 
300 # # |a 116ms; 21cm. 
600 0 0 |a Job statisfication.